000 00358nam a22001577a 4500
003 OSt
005 20211118145605.0
008 211118b |||||||| |||| 00| 0 eng d
040 _chu
082 _a355.30973
100 _acatton bruce
_919297
245 _aterrible swift sword
260 _anew york
_bhall
_c1963
300 _a559
942 _2ddc
_cBOOKS
_n0
999 _c19057
_d19057